[Event "Hastings Masters 2010-11"]
[Site "Hastings ENG"]
[Date "2010.12.28"]
[Round "1.11"]
[White "Spence, David J"]
[Black "Pert, Richard G"]
[Result "0-1"]
[WhiteElo "2237"]
[BlackElo "2464"]
[PlyCount "60"]
[EventDate "2010.12.28"]

1. e4 c5 2. c3 d5 3. exd5 Qxd5 4. d4 Nf6 5. Nf3 Bg4 6. dxc5 Qxd1+ 7. Kxd1 e5 8.
b4 e4 9. h3 Bh5 10. g4 Nxg4 11. hxg4 Bxg4 12. Nbd2 exf3 13. Bd3 Nd7 14. Re1+
Be7 15. Be4 O-O-O 16. Bxb7+ Kxb7 17. Rxe7 Rhe8 18. Rxe8 Rxe8 19. Nc4 Re2 20.
Be3 Nf6 21. Nd6+ Kb8 22. c4 Bd7 23. c6 Bxc6 24. b5 Bd7 25. a4 Ng4 26. Ra3 Nxf2+
27. Kc1 Ng4 28. Bxa7+ Kxa7 29. Rxf3 Ne5 30. Rf1 Kb6 0-1

[Event "Hastings Masters 2010-11"]
[Site "Hastings ENG"]
[Date "2010.12.28"]
[Round "1.36"]
[White "Hegarty, Sarah N"]
[Black "Dunlop, Neil J"]
[Result "1-0"]
[WhiteElo "2080"]
[BlackElo "1923"]
[PlyCount "76"]
[EventDate "2010.12.28"]

1. e4 d6 2. d4 Nf6 3. Nc3 g6 4. f4 Bg7 5. Nf3 c5 6. Be2 cxd4 7. Nxd4 O-O 8. Be3
Nbd7 9. O-O a6 10. h3 Qc7 11. Bf3 e5 12. Nde2 exf4 13. Nxf4 Nb6 14. Bd4 Be6 15.
Be2 Rad8 16. Qe1 Nfd7 17. Bxg7 Kxg7 18. Qh4 Qc5+ 19. Rf2 d5 20. exd5 Bxd5 21.
Raf1 Rde8 22. Kh1 Bc4 23. Nd3 Bxd3 24. Bxd3 f5 25. Qg5 h6 26. Qg3 Re3 27. Rf3
Rfe8 28. Nd1 Rxf3 29. Qxf3 Qd5 30. Qg3 Qe5 31. Qf2 Nc5 32. b4 Nxd3 33. Qxb6 Qe2
34. Qc7+ Re7 35. Qc3+ Ne5 36. Re1 Qb5 37. a4 Qd5 38. Ne3 Qc6 1-0